000 00553nam a2200229Ia 4500
003 OSt
005 20220923214610.0
006 a|||||r|||| 00| 0
007 ta
008 220922b |||||||| |||| 00| 0 hin d
024 _a171,175
037 _cTextual
040 _aARTS
_cARTS
_bhin
041 _2hin
_ahin
082 _aO152:3N14:33, K4
100 _aयशपाल
245 0 _aगीता
246 _aGītā
260 _c1964
942 _hO152:3N14:33, K4
_cTEXL
_2CC
999 _c325400
_d325400